Normal view
MARC view
- CORROSION FATIGUE
Entry Topical Term
001 - CONTROL NUMBER
- control field: 64063
003 - CONTROL NUMBER IDENTIFIER
- control field: NUST
005 - DATE AND TIME OF LATEST TRANSACTION
- control field: 20210628203222.0
008 - FIXED-LENGTH DATA ELEMENTS
- fixed length control field: 210628|| aca||aabn | a|a d
040 ## - CATALOGING SOURCE
- Original cataloging agency: NUST
- Transcribing agency: NUST
150 ## - HEADING--TOPICAL TERM
- Topical term or geographic name entry element: CORROSION FATIGUE
670 ## - SOURCE DATA FOUND
- Source citation: Work cat.: (NUST): Crooker, T.W, Leis, B.N 64062, Corrosion fatigue, mechanics, metallurgy electrochemistry, and engineering, 1983
